000 00388cam a2200157ua 4500
041 _aeng
_h
082 _a823.301
_bTAY/ST
100 _aTaylor, Barry .
245 _aStories grim, stories gay /
_cBarry Taylor.
_hTextual Documents
250 _a1 /
_b.
260 _aLondon :
_bLongman Green and Co ,
_c1962.
300 _a128 ; .
504 _a
942 _cBK
999 _c6957
_d6957